000 01095nam a2200229Ia 4500
999 _c38947
_d38947
001 5384
003 GE_BSU
005 20190621160652.0
008 181216s1978|||| |||||||||||||| ||geo||
041 _ageo
080 _a621.03(075.8)+621.01(075.8) ქ-57
100 _aქათამაძე, დ.
_92201
245 _aგამოყენებითი მექანიკა (მექანიზმების თეორია და მანქანათა ნაწილები) : სახელმძღვ. /
_cდ. ქათამაძე ; დ. ჭელიძე ; რედ : ე. გძელიძე.
264 _aთბილისი :
_bგანათლება,
_c1978.
300 _a494 გვ .:
_bნახაზ.
_c22 სმ.
504 _aბიბლიოგრ.: გვ.487-488
653 _aგამოყენებითი მექანიკა
653 _aტეაქნიკა
700 _aჭელიძე, დ.
_92202
700 _aგძელიძე, ე
_eრედაქტორი
_92327
942 _cBK
_2udc